[Event "NOR-chT 2018"]
[Site "Bergen"]
[Date "2018.05.13"]
[Round "5"]
[White "Aulin-Jansson, Joran"]
[Black "Svensen, Tarjei Joten"]
[Result "1-0"]
[WhiteElo "2287"]
[BlackElo "2074"]
[Annotator "TA"]
[PlyCount "81"]
[EventDate "2018.??.??"]
[EventCountry "NOR"]
[SourceTitle "playchess.com"]
[Source "ChessBase"]
[SourceQuality "1"]

{[%evp 17,81,60,67,31,50,52,50,51,49,12,20,-42,0,-12,0,0,41,42,50,31,85,43,94,61,56,72,72,36,37,37,50,39,68,31,35,27,68,0,0,0,92,83,95,0,0,0,16,0,16,16,16,16,77,77,88,87,85,19,72,30,360,310,510,493,1436,1339]} 1. Nf3 Nf6 2. d4 d5 3. c4 c6 4. Nc3 e6 5. Bg5 Nbd7 6. e3 Qa5 7. Nd2 Bb4 8. Qc2 h6 9. Bh4 O-O {LiveBook: 3 Games. D52: Queen's Gambit Declined: Cambridge Springs Variation} (9... c5 10. a3 cxd4 11. exd4 O-O 12. Be2 b6 13. O-O Bxc3 14. bxc3 Bb7 15. a4 dxc4 16. Nxc4 Qd5 17. Ne3 {0-1 (41) Cramling,P (2525)-Gunina,V (2509) Beijing 2013}) 10. a3 Bxc3 11. Qxc3 Qxc3 {White is slightly better.} 12. bxc3 Re8 13. f4 $146 ({Predecessor:} 13. Bd3 b6 14. cxd5 exd5 15. O-O {½-½ (57) Carmaciu,L (2388)-Hristodorescu,D (2201) Sunny Beach 2011}) 13... b6 14. Bd3 ({White should play} 14. Kf2 $11) 14... Bb7 15. Rg1 c5 16. g4 Ne4 17. Nxe4 dxe4 18. Be2 g6 {[#]} (18... Rac8 $14) 19. d5 $1 {[%mdl 512]} Rac8 (19... exd5 $14 20. cxd5 Bxd5) 20. Rd1 {Black must now prevent dxe6.} exd5 21. cxd5 c4 22. Rd4 b5 23. Kd2 Rc5 24. d6 f6 25. Rb1 {Hoping for Bxc4+!} Bc6 26. a4 a6 27. axb5 (27. Kc2 $14) 27... axb5 $11 28. Ra1 Ra8 (28... Kf7 $11) 29. Rxa8+ $16 Bxa8 30. g5 (30. Bxf6 $1 $16 {aiming for g5.} Nxf6 31. d7 Nxd7 32. Rxd7 Rd5+ 33. Rxd5 Bxd5 34. Kc2) 30... hxg5 $11 31. fxg5 f5 32. Bg3 Kf7 33. Kc2 Ke6 34. Rd1 Bc6 (34... Rc8 $11 {remains equal.}) 35. h4 $16 Ne5 36. h5 gxh5 {[#]} 37. Rh1 ({Better is} 37. Bxe5 $1 $16 Rxe5 38. g6) 37... Kxd6 (37... Rd5 $11 {keeps the balance.}) 38. Rxh5 {Strongly threatening g6.} Ke7 $2 {[%mdl 8192] [#]} (38... Bd5 $11 {and Black has nothing to worry.}) 39. Rh7+ $1 $18 Kf8 $2 (39... Kd6 40. g6 Bd5) 40. Rc7 Nd3 (40... f4 $142) 41. Bd6+ {Precision: White = 45%, Black = 30%.} 1-0

[Event "NOR-chT 2018"]
[Site "Bergen"]
[Date "2018.05.13"]
[Round "5"]
[White "Ranaldi, Lucas"]
[Black "Houska, Jovanka"]
[Result "1-0"]
[WhiteElo "2251"]
[BlackElo "2420"]
[Annotator "TA"]
[PlyCount "89"]
[EventDate "2018.??.??"]
[EventCountry "NOR"]
[SourceTitle "playchess.com"]
[Source "ChessBase"]
[SourceQuality "1"]

{[%evp 30,89,0,0,0,0,0,0,0,-9,0,-9,0,-4,-2,-2,-3,-3,-2,-1,-3,-1,-2,-11,345,348,340,335,387,387,397,387,387,372,479,479,479,479,479,479,479,479,479,479,479,479,479,479,479,471,471,456,1168,1166,29963,29968,8811,674,29972,29973,29973,29971]} 1. d4 d5 2. c4 e6 3. Nc3 Nf6 4. Bg5 Nbd7 5. e3 Be7 6. Nf3 h6 7. Bh4 Ne4 8. Bxe7 Qxe7 9. Qc2 Nxc3 10. Qxc3 c6 11. Rc1 O-O 12. Bd3 dxc4 13. Bxc4 b6 14. O-O c5 {D56: Queen's Gambit Declined: Lasker Defence} (14... Bb7 15. Be2 {½-½ (15) Flores,D (2572)-Delgado Ramirez,N (2625) Montevideo 2017}) 15. Rfd1 Bb7 16. Be2 {LiveBook: 9 Games} Bd5 {The position is equal.} 17. Qa3 Rfd8 18. Ne1 $146 {[%cal Bf3e1,Be1c2,Bc2e3][%mdl 32]} ({Predecessor:} 18. b3 Kf8 19. Qa4 cxd4 20. Qxd4 Nf6 21. Qa4 Rdc8 22. Ne5 Rc5 23. Rxc5 Qxc5 24. Qd7 Nxd7 25. Nxd7+ Ke7 26. Nxc5 {½-½ (25) Stieger,H-Kollowa,K Germany 1994}) 18... e5 19. Bb5 (19. dxc5 {with more complications.} Nxc5 20. Nd3 Qg5 21. g3 Nxd3 22. Rxd3 Be4 23. Rxd8+ Rxd8 24. Qxa7 Rd2 25. Kf1) 19... exd4 20. exd4 Qe6 21. Bxd7 Rxd7 22. dxc5 bxc5 23. Nc2 Rad8 {[#] Strongly threatening ...Bxg2!} 24. Ne3 ({Avoid the trap} 24. Qxc5 $2 Qg6 $19) 24... Bxa2 {( -> ...Rxd1+)} 25. Rxd7 Rxd7 26. Ra1 Rd2 $2 {[%mdl 8192]} (26... Bb3 $11 {and Black stays safe.}) 27. Qxa2 $18 Qf6 28. Rf1 Rxb2 29. Qxa7 Qd4 30. Qa8+ Kh7 31. Qf3 c4 32. Rd1 Rd2 33. Qf5+ Kg8 34. Qc8+ Kh7 35. Rxd2 Qxd2 36. Qxc4 Qe1+ 37. Qf1 Qd2 38. Qd1 Qb4 39. h3 g6 40. Qf3 f5 (40... Kg7 $142 41. g3 Qd4) 41. g4 f4 42. Nd5 Qe1+ 43. Kh2 g5 {[#]} 44. Qe4+ $3 {[%mdl 512]} Qxe4 45. Nf6+ {Precision: White = 92%, Black = 30%.} 1-0

[Event "NOR-chT 2018"]
[Site "Bergen"]
[Date "2018.05.13"]
[Round "5"]
[White "Tryggestad, Andreas Garberg"]
[Black "Vea, Odin Blikra"]
[Result "0-1"]
[WhiteElo "2251"]
[BlackElo "2187"]
[Annotator "TA"]
[PlyCount "64"]
[EventDate "2018.??.??"]
[EventCountry "NOR"]
[SourceTitle "playchess.com"]
[Source "ChessBase"]
[SourceQuality "1"]

{[%evp 14,64,38,16,25,-23,-16,-12,5,0,9,-13,0,-16,21,-29,-19,-65,-63,-79,-70,-79,-80,-98,-87,-96,-85,-74,-70,-105,-95,-141,-155,-154,-87,-104,-90,-123,-112,-122,-123,-215,-222,-255,-263,-348,-343,-333,-332,-345,-330,-1027,-1026]} 1. d4 Nf6 2. c4 g6 3. Nc3 Bg7 4. e4 d6 5. Nf3 O-O 6. Be2 e5 7. d5 Nh5 8. h3 {LiveBook: 3 Games. E92: King's Indian: Classical: 6 Be2 e5: 7 dxe5, 7 Be3 and Petrosian System without 7...Nbd7} (8. g3 Na6 9. Nd2 f5 10. exf5 Bxf5 11. g4 Nf4 12. gxf5 Qh4 13. Nf3 Ng2+ 14. Kf1 Qh3 15. Kg1 Nf4 16. Bxf4 exf4 {1-0 (45) Istratescu,A (2647)-Vaisser,A (2556) Pau 2012}) 8... Nf4 9. Bxf4 exf4 10. Qd2 {The position is equal.} f5 11. exf5 Bxf5 12. Nd4 $146 ({Predecessor:} 12. O-O Nd7 13. Rac1 Ne5 14. Nxe5 Bxe5 15. Bf3 Qh4 {0-1 (47) Comallonga Fernandez,J (2063)-Norte Garcia,A (1924) Cerdanyola del Valles 2011}) 12... Nd7 13. O-O-O Ne5 {With the idea ...f3!} 14. Nxf5 Rxf5 15. Bg4 Rf8 ({But not} 15... Nxc4 16. Qe2 $14) 16. Be6+ Kh8 17. b3 Qf6 18. Kc2 a6 $1 19. Ne4 Qh4 20. f3 b5 21. c5 dxc5 22. Qf2 Qxf2+ 23. Nxf2 {[#]} c4 ({Black should try} 23... a5 $1 {...a4 is the strong threat.} 24. Rb1 a4) 24. Ne4 a5 25. h4 h6 26. Nc5 cxb3+ 27. axb3 (27. Kxb3 $17 {is a better defense.} Nc4 28. a4) 27... a4 $19 28. Ra1 {[#]} axb3+ $1 29. Kxb3 {[#]} Nxf3 $1 {[%mdl 512]} 30. Rxa8 (30. gxf3 Rxa1) 30... Nd4+ 31. Kb4 Rxa8 32. Nd3 $2 (32. Rd1) 32... Ra4+ {Precision: White = 21%, Black = 60%.} 0-1

[Event "NOR-chT 2018"]
[Site "Bergen"]
[Date "2018.05.13"]
[Round "5"]
[White "Madland, Kristoffer"]
[Black "Bern, Ivar"]
[Result "1/2-1/2"]
[WhiteElo "2130"]
[BlackElo "2308"]
[Annotator "TA"]
[PlyCount "66"]
[EventDate "2018.??.??"]
[EventCountry "NOR"]
[SourceTitle "playchess.com"]
[Source "ChessBase"]
[SourceQuality "1"]

{[%evp 12,66,-14,-8,0,0,0,0,0,0,31,27,25,9,0,0,0,0,28,35,81,71,83,3,6,12,8,0,10,0,0,-17,-14,-17,-25,-17,-25,-25,-26,-21,-22,-23,-14,-18,-22,-14,-15,-24,-24,-16,0,0,0,0,71,0,0]} 1. d4 f5 2. Bg5 g6 3. Nc3 Bg7 4. e4 fxe4 5. Nxe4 d5 6. Nc5 b6 7. Nb3 {LiveBook: 68 Games} c5 {A80: Dutch Defence: Unusual White second moves} (7... Nf6 8. Nf3 O-O 9. Be2 Ne4 10. Be3 Nd6 11. O-O Bg4 12. Ng5 Bf5 13. g4 Bc8 14. Nd2 Nc6 15. Bf3 {½-½ (76) Ansell,S (2342)-Pruijssers,R (2523) St Clement Bay 2018}) 8. Nf3 c4 9. Nbd2 Nc6 10. c3 Qd6 $146 ({Predecessor:} 10... b5 11. Be2 Nh6 12. O-O O-O 13. Re1 Rf5 14. Nf1 Rxg5 15. Nxg5 {1-0 (33) Crouch,C (2395)-Wolstencroft,D (2180) Isle of Man 1994}) 11. Be2 b5 12. a3 Nh6 13. O-O O-O 14. Re1 Nf5 15. g3 Bb7 16. Bf1 e5 17. dxe5 ({Better is} 17. Nxe5 $16 Nxe5 18. Bf4) 17... Nxe5 $11 18. Nxe5 Bxe5 19. Nf3 Bf6 {aiming for ...d4.} 20. Bg2 d4 21. Bxf6 Qxf6 22. cxd4 Rad8 23. Qe2 Nxg3 24. hxg3 {[#] Ne5 is the strong threat.} Bxf3 25. Bxf3 Qxf3 26. Rad1 Qxe2 27. Rxe2 {[%mdl 4096] Endgame KRR-KRR} Rfe8 28. Re3 Kf7 29. Kf1 Re6 30. Ke2 Red6 31. Re4 Rd5 32. Ke3 Kf6 {[#]} (32... a6 $11 {keeps the balance.}) 33. Rc1 (33. Re5 $1 $16 {[%mdl 512]}) 33... R8d7 {Precision: White = 57%, Black = 49%.} 1/2-1/2

[Event "NOR-chT 2018"]
[Site "Bergen"]
[Date "2018.05.13"]
[Round "5"]
[White "Tunsjo, Axel"]
[Black "Hammerstad, Asmund"]
[Result "0-1"]
[WhiteElo "1901"]
[BlackElo "2211"]
[Annotator "TA"]
[PlyCount "34"]
[EventDate "2018.??.??"]
[EventCountry "NOR"]
[SourceTitle "playchess.com"]
[Source "ChessBase"]
[SourceQuality "1"]

{[%evp 13,34,25,25,10,142,-65,11,-50,-41,-300,-294,-403,-336,-451,-385,-492,-440,-492,-286,-493,-476,-542,-528]} 1. e4 e6 2. d4 d5 3. Nd2 Nc6 {[%cal Bb8c6,Bc6e5,Be5d7][%mdl 32]} 4. c3 e5 5. dxe5 dxe4 6. Qe2 {C04: French Tarrasch: 3...Nc6} Nxe5 (6... Bf5 7. Nxe4 Qd5 8. Ng3 Bg6 9. Nh3 O-O-O 10. Nf4 Qxe5 11. Qxe5 Nxe5 12. Be2 Nf6 13. O-O Bc5 14. Nxg6 hxg6 {0-1 (101) Karjakin,S (2775)-Grischuk,A (2764) Moscow 2012}) 7. Nxe4 Qe7 $1 {LiveBook: 7 Games} 8. Be3 {White has an edge.} b6 $146 (8... Bf5 $11 {keeps the balance.} 9. Bf4 O-O-O 10. Bxe5 Qxe5) ({Predecessor:} 8... Bf5 9. Ng3 Nd3+ 10. Kd2 Bg6 11. Bd4 Qxe2+ 12. Bxe2 Nxb2 13. f4 f6 {0-1 (33) Ankit,R (2461)-Sengupta,D (2571) New Delhi 2015}) 9. g3 $2 {[#]} (9. O-O-O $16) 9... Bg4 (9... Bb7 $1 $15 10. Bg2 O-O-O) 10. Qc2 ({White should play} 10. f3 $11 Nxf3+ 11. Nxf3 Qxe4 12. Bg2) 10... O-O-O $1 $15 11. f4 $2 {[%mdl 8192]} ({White should try} 11. Bg2 $15) 11... Nd7 $19 12. Kf2 Re8 13. Bg2 Bf5 {aiming for ...Ngf6.} 14. Nd6+ cxd6 {[%cal Bc7d6,Bd6d5][%mdl 32]} 15. Qxf5 Qxe3+ 16. Kf1 {White hopes to continue with Qd5.} Ngf6 17. Qb5 {[#]} d5 $1 {Precision: White =  0%, Black = 50%.} 0-1